000 00267nam a2200097Ia 4500
001 792122
005 20250826170623.0
008 250824s9999 xx 000 0 und d
245 0 _aSİZ GÜZELLİK SIRLARI
_cMEHMET C. ÖZ, MICHAEL F. ROIZEN
260 _bKORİDOR YAYINLARI
999 _c792122
_d792122